000 00955nmc a2200325 a 4500
003 AR-BaBNM
005 20251128204130.0
008 305119s1984 ||||||||||||||000 | spa||
020 _a950-25-0149-7
040 _cAR-BaBNM
245 1 0 _aHistoria de ciudades
_bSantiago del Estero
260 _aBuenos Aires
_bCentro Editor de América Latina
_c1984
300 _a89 p.
490 0 _aHistoria testimonial Argentina: Documentos vivos de nuestro pasado
_vv. 29
504 _aBibliografĂ­a en p.15
650 4 _aHISTORIA ARGENTINA
650 4 _aHISTORIA SANTIAGUENA
650 4 _aFUNDACION DE CIUDADES ARGENTINAS
650 4 _aCIUDADES
650 4 _aHISTORIA
650 4 _aCOSTUMBRES
650 4 _aDOCUMENTOS
650 4 _aMATERIAL FUENTE
650 4 _aDESARROLLO URBANO
700 1 _aTasso, Alberto
_ecompilador
800 1 _aBertoni, Lilia Ana
_edirector
800 1 _aRomero, Luis Alberto
_edirector
942 _cBK
998 _cMarce
999 _c6301
_d6301